Three More Stories You Can Read to Your Cat

Guardat en:
Dades bibliogràfiques
Autor principal: Miller, Sara Swan
Format: Llibre
Publicat: Houghton Mifflin Harcourt (Hmh)
Etiquetes: Afegir etiqueta
Sense etiquetes, Sigues el primer a etiquetar aquest registre!
LEADER 00770cam a22001937a 4500
001 (Sirsi) i9780547744483
005 20190330161046.0
008 190219n xx ||||||||||||||||| |d
020 |a 9780547744483 
040 |a SMLIBRARY  |b eng  |c SMLIBRARY  |e AACR2 
100 |a Miller, Sara Swan 
245 1 |a Three More Stories You Can Read to Your Cat 
260 |b Houghton Mifflin Harcourt (Hmh) 
901 |a J MIL  |i TMPDEC1050  |m SMLIBRARY  |l JUNIOR  |t BOOK  |p 21.39  |x JUNIOR  |z JFIC  |u 22/11/2013 
903 |a  SMLNEWITEM, SMLPOPULAR 
904 |a 1 
942 |2 ddc  |c JRBOOK 
952 |0 0  |1 0  |2 ddc  |4 0  |6 JS_MIL  |7 0  |8 JUNIOR | JFIC  |9 34031  |a SMLIBRARY  |b SMLIBRARY  |c JUNIOR  |d 2013-11-22  |g 21.39  |l 2  |o JS MIL  |p BK10016949H  |r 2019-11-09 00:00:00  |s 2019-11-02  |t 1  |v 21.39  |w 2019-06-25  |y JRBOOK 
999 |c 28766  |d 28766